[Event "Buenos Aires Bolivar op 4th"]
[Site "Buenos Aires"]
[Date "2011.06.20"]
[Round "6"]
[White "Goldwaser, Romina"]
[Black "Fernandez, Marcelo Fabian"]
[Result "1-0"]
[WhiteElo "1975"]
[BlackElo "2086"]
[PlyCount "75"]
[EventDate "2011.06.13"]
[EventType "swiss"]
[EventRounds "9"]
[EventCountry "ARG"]
[SourceTitle "EXT 2014"]
[Source "ChessBase"]
[SourceDate "2013.11.20"]
[SourceVersion "1"]
[SourceVersionDate "2013.11.20"]
[SourceQuality "1"]

1. d4 d5 2. c4 c6 3. Nf3 Nf6 4. Nc3 e6 5. e3 Nbd7 6. Qc2 Bd6 7. Bd2 0-0 8. 0-0-0 Qe7 9. Kb1 dxc4 10. Bxc4 c5 11. e4 cxd4 12. Nxd4 Bc5 13. Nb3 Ng4 14. Be1 a6 15. h3 Nge5 16. Be2 b5 17. f4 Nc4 18. Bxc4 bxc4 19. Nd4 Bb7 20. Qe2 Nb6 21. Bf2 Rab8 22. Rhg1 Bb4 23. Rc1 Bxc3 24. Rxc3 Na4 25. Rc2 Bxe4 26. Qxe4 Rxb2+ 27. Kc1 Qa3 28. Kd2 Rd8 29. Ke1 Rb1+ 30. Kd2 Nc5 31. Qe3 Qb4+ 32. Ke2 Rb2 33. Rgc1 c3 34. Kf1 Rxc2 35. Rxc2 Na4 36. Kg1 h6 37. Kh2 Rc8 38. Ne2 1-0

[Event "Villa Martelli Pro Am op 17th"]
[Site "Villa Martelli"]
[Date "2010.10.11"]
[Round "1"]
[White "Tristan, Leonardo"]
[Black "Fernandez, Marcelo Fabian"]
[Result "1-0"]
[WhiteElo "2401"]
[BlackElo "2065"]
[PlyCount "65"]
[EventDate "2010.10.10"]
[EventType "swiss"]
[EventRounds "9"]
[EventCountry "ARG"]
[SourceTitle "CBM 138 Extra"]
[Source "ChessBase"]
[SourceDate "2010.10.29"]
[SourceVersion "1"]
[SourceVersionDate "2010.10.29"]
[SourceQuality "1"]

1. e4 d5 2. exd5 Qxd5 3. Nc3 Qa5 4. d4 c6 5. Nf3 Nf6 6. Bc4 Bf5 7. Bd2 e6 8. Nd5 Qd8 9. Nxf6+ gxf6 10. c3 Nd7 11. Nh4 Bg6 12. Qf3 Qc7 13. Qh3 Bg7 14. 0-0 0-0 15. Rae1 b5 16. Bb3 Rad8 17. Nxg6 hxg6 18. Rxe6 c5 19. Re3 Qd6 20. Qh4 g5 21. Qh5 c4 22. Bc2 Rfe8 23. Rg3 Qe6 24. Be3 Nb6 25. h4 Nd5 26. hxg5 f5 27. g6 f4 28. gxf7+ Qxf7 29. Bg6 Qe6 30. Qh7+ Kf8 31. Rf3 Qd6 32. Bxe8 Nf6 33. Bxf4 1-0